[Event "Monsaraz Rapid op"]
[Site "Monsaraz"]
[Date "2023.11.25"]
[Round "3"]
[White "Avramescu, Paul Mihai"]
[Black "Arjun, Kalyan"]
[Result "0-1"]
[WhiteElo "2008"]
[BlackElo "2509"]
[PlyCount "112"]
[EventDate "2023.11.25"]
[EventType "swiss (rapid)"]
[EventRounds "9"]
[EventCountry "POR"]
[SourceTitle "CBM 217 Extra"]
[Source "ChessBase"]
[SourceDate "2024.01.31"]
[SourceVersion "1"]
[SourceVersionDate "2024.01.31"]
[SourceQuality "1"]

1. e4 c5 2. d4 cxd4 3. c3 Nf6 4. e5 Nd5 5. Qxd4 e6 6. Nf3 Nc6 7. Qd1 d6 8. exd6 Bxd6 9. Bb5 0-0 10. 0-0 Nce7 11. Bg5 h6 12. Bh4 Qc7 13. Bg3 Bxg3 14. hxg3 a6 15. Bd3 b6 16. Qe2 Bb7 17. Rd1 Rfd8 18. Nbd2 Nf6 19. Ne4 Ned5 20. Nxf6+ Nxf6 21. Bc2 a5 22. Rxd8+ Rxd8 23. Rd1 Rxd1+ 24. Qxd1 Bd5 25. Bb3 Qc5 26. Qd4 Qxd4 27. Nxd4 Kf8 28. Bxd5 Nxd5 29. Kf1 Ke7 30. Ke2 e5 31. Nf5+ Kf6 32. Nd6 Ke6 33. Nb5 f5 34. Kd3 Nf6 35. c4 Ne4 36. f3 Nxg3 37. Nc7+ Kd6 38. Nd5 Kc5 39. b3 e4+ 40. fxe4 Nxe4 41. Ke3 g5 42. g4 Nd6 43. gxf5 Nxf5+ 44. Ke4 Nd6+ 45. Ke5 b5 46. cxb5 Nxb5 47. a3 Nxa3 48. Ne3 Kb4 49. Nf5 h5 50. Nd4 h4 51. Kf5 h3 52. Nf3 Kxb3 53. Kg4 Nc2 54. Kxh3 a4 55. Kg4 a3 56. Nd2+ Kb4 0-1

[Event "Monsaraz Rapid op"]
[Site "Monsaraz"]
[Date "2023.11.25"]
[Round "6"]
[White "De Kaey, Pascal"]
[Black "Avramescu, Paul Mihai"]
[Result "0-1"]
[WhiteElo "1938"]
[BlackElo "2008"]
[PlyCount "108"]
[EventDate "2023.11.25"]
[EventType "swiss (rapid)"]
[EventRounds "9"]
[EventCountry "POR"]
[SourceTitle "CBM 217 Extra"]
[Source "ChessBase"]
[SourceDate "2024.01.31"]
[SourceVersion "1"]
[SourceVersionDate "2024.01.31"]
[SourceQuality "1"]

1. e4 e5 2. Nf3 d5 3. exd5 Bd6 4. d4 e4 5. Qe2 Nf6 6. Bg5 0-0 7. Ne5 Nbd7 8. Nd2 Nxe5 9. dxe5 Bxe5 10. Nxe4 Re8 11. 0-0-0 Bf5 12. f3 h6 13. Bxf6 Bxf6 14. Nxf6+ Qxf6 15. Qc4 a6 16. h4 b5 17. Qd4 Qd6 18. g4 Bh7 19. Bd3 Bxd3 20. Qxd3 Qf4+ 21. Qd2 Qxf3 22. Rhf1 Qe3 23. Qxe3 Rxe3 24. d6 cxd6 25. Rxd6 Re4 26. Rd7 Rf8 27. Rg1 Rfe8 28. Ra7 R8e6 29. h5 f6 30. b3 Re2 31. Rd1 Re1 32. a4 bxa4 33. bxa4 Rxd1+ 34. Kxd1 Re4 35. a5 Rxg4 36. Rxa6 Rg5 37. Ra7 Rxh5 38. a6 Ra5 39. c4 h5 40. Ke2 h4 41. Kf3 Kh7 42. Ra8 Ra2 43. Kg4 Ra4 44. Kxh4 Rxc4+ 45. Kg3 Ra4 46. a7 Kg6 47. Kf3 f5 48. Kg3 Kg5 49. Kf3 Ra3+ 50. Kf2 Kg4 51. Ke2 f4 52. Kf2 Ra2+ 53. Kf1 Kg3 54. Ke1 f3 0-1

[Event "Monsaraz Rapid op"]
[Site "Monsaraz"]
[Date "2023.11.25"]
[Round "2"]
[White "Jullian, Herve"]
[Black "Avramescu, Paul Mihai"]
[Result "0-1"]
[WhiteElo "1374"]
[BlackElo "2008"]
[PlyCount "44"]
[EventDate "2023.11.25"]
[EventType "swiss (rapid)"]
[EventRounds "9"]
[EventCountry "POR"]
[SourceTitle "CBM 217 Extra"]
[Source "ChessBase"]
[SourceDate "2024.01.31"]
[SourceVersion "1"]
[SourceVersionDate "2024.01.31"]
[SourceQuality "1"]

1. e4 e5 2. Nf3 d5 3. exd5 Bd6 4. Bb5+ Bd7 5. Bxd7+ Nxd7 6. Nc3 Ngf6 7. 0-0 0-0 8. d3 h6 9. Be3 Nb6 10. Bxb6 axb6 11. Re1 Re8 12. d4 e4 13. Nd2 Bb4 14. Ndxe4 Nxe4 15. Rxe4 Rxe4 16. Nxe4 Qxd5 17. c3 Qxe4 18. cxb4 Rd8 19. Qc1 c6 20. Qe3 Rxd4 21. Re1 Qxe3 22. Rxe3 Rd1+ 0-1

[Event "Romania blitz online op final"]
[Site "Chess.com INT"]
[Date "2020.05.06"]
[Round "5"]
[White "Avramescu, Paul Mihai"]
[Black "Creanga, Robert Ionut"]
[Result "1-0"]
[WhiteElo "2035"]
[BlackElo "2053"]
[PlyCount "85"]
[EventDate "2020.05.06"]
[EventType "swiss (blitz)"]
[EventRounds "9"]
[EventCountry "ROU"]
[SourceTitle "CBM 196 Extra"]
[Source "ChessBase"]
[SourceDate "2020.07.31"]
[SourceVersion "1"]
[SourceVersionDate "2020.07.31"]
[SourceQuality "1"]

1. e4 d6 2. Nf3 Nf6 3. Nc3 g6 4. Bc4 Bg7 5. 0-0 0-0 6. h3 Nxe4 7. Nxe4 d5 8. Bd3 dxe4 9. Bxe4 Nd7 10. d4 Nf6 11. Bd3 b6 12. c3 Bb7 13. Re1 c5 14. Be3 Qc7 15. dxc5 bxc5 16. Bc4 Rad8 17. Qe2 h6 18. Rad1 Nd7 19. Bd5 Rb8 20. Bxb7 Rxb7 21. Qd2 Kh7 22. b3 Nb6 23. c4 Qc6 24. Bf4 Rd7 25. Qe3 Rfd8 26. Rxd7 Rxd7 27. Be5 f6 28. Bc3 e5 29. Nd2 Rd8 30. Ne4 Nd7 31. Rd1 Rc8 32. Rd6 Qb7 33. Qd3 Nf8 34. Nxf6+ Bxf6 35. Rxf6 Qe7 36. Qd6 Qxd6 37. Rxd6 Re8 38. Rc6 Nd7 39. Rc7 Re7 40. Bxe5 Rxe5 41. Rxd7+ Kg8 42. Rxa7 Re1+ 43. Kh2 1-0

[Event "ROM-chT2"]
[Site "Slanic Moldova"]
[Date "2017.10.05"]
[Round "6.4"]
[White "Avramescu, Paul Mihai"]
[Black "Florea, Leonard Gelu"]
[Result "1-0"]
[WhiteElo "2143"]
[BlackElo "1978"]
[PlyCount "89"]
[EventDate "2017.09.30"]
[EventType "team-tourn"]
[EventRounds "9"]
[EventCountry "ROU"]
[SourceTitle "CBM 181 Extra"]
[Source "ChessBase"]
[SourceDate "2017.12.12"]
[SourceVersion "1"]
[SourceVersionDate "2017.12.12"]
[SourceQuality "1"]
[WhiteTeam "Constanta Fianchetto"]
[BlackTeam "Galati Diana"]
[WhiteTeamCountry "ROU"]
[BlackTeamCountry "ROU"]

1. e4 e5 2. Nf3 Nc6 3. Bb5 a6 4. Ba4 Nge7 5. d4 exd4 6. Nxd4 g6 7. Bg5 Bg7 8. Nxc6 bxc6 9. c3 0-0 10. 0-0 h6 11. Bh4 Rb8 12. Bb3 d6 13. f4 Be6 14. f5 Bxb3 15. axb3 Be5 16. Nd2 g5 17. Bg3 f6 18. b4 c5 19. Bxe5 dxe5 20. Qb3+ Kg7 21. Rfd1 Qd3 22. Nf1 Qxe4 23. Rd7 Rf7 24. Qe6 Rb6 25. Ng3 Qe3+ 26. Kh1 Rxe6 27. fxe6 Kf8 28. exf7 Qe4 29. Rf1 Qg4 30. Rxc7 Nd5 31. Rxc5 Nf4 32. Rf3 Qd7 33. Rf1 Qd2 34. Rg1 Nd3 35. Rc8+ Kxf7 36. h3 Qf4 37. Kh2 e4 38. Rc4 f5 39. Rf1 Nf2 40. Rc5 Ke6 41. Rxf5 Ng4+ 42. hxg4 Qxg4 43. Rf6+ Kd5 44. Rxh6 e3 45. Rf3 1-0

[Event "ROM-ch"]
[Site "Olanesti"]
[Date "2016.04.07"]
[Round "6"]
[White "Nita, Lucian"]
[Black "Avramescu, Paul Mihai"]
[Result "0-1"]
[WhiteElo "2183"]
[BlackElo "2063"]
[PlyCount "94"]
[EventDate "2016.04.02"]
[EventType "swiss"]
[EventRounds "9"]
[EventCountry "ROU"]
[SourceTitle "CBM 171 Extra"]
[Source "ChessBase"]
[SourceDate "2016.04.26"]
[SourceVersion "1"]
[SourceVersionDate "2016.04.26"]
[SourceQuality "1"]

1. e4 c6 2. d3 d5 3. Nd2 Nf6 4. Ngf3 Bg4 5. h3 Bxf3 6. Qxf3 e6 7. Qe2 dxe4 8. dxe4 Qa5 9. g3 Be7 10. Bg2 0-0 11. 0-0 Nbd7 12. Re1 e5 13. Nf1 Rfd8 14. Ne3 g6 15. a3 Nf8 16. Nc4 Qc7 17. b4 b5 18. Ne3 a5 19. Bd2 axb4 20. axb4 Ne6 21. c3 Qd7 22. Nf1 Qb7 23. f4 exf4 24. gxf4 Nh5 25. Rxa8 Qxa8 26. Qf3 Bh4 27. Re2 Qa1 28. f5 Nf8 29. Bh6 Be1 30. Rc2 Qa7+ 31. Be3 Qc7 32. Bd4 Qf4 33. Ne3 Bg3 34. Ng4 Nd7 35. Qxf4 Nxf4 36. Bf3 Ra8 37. Rd2 Ra1+ 38. Bd1 Be1 39. c4 Bxd2 40. Bxa1 bxc4 41. Kf2 c3 42. Bb3 Nd3+ 43. Kf3 Nxb4 44. Ke2 Nc5 45. Bd1 Nxe4 46. fxg6 hxg6 47. Ne3 Bxe3 0-1

[Event "ROM-ch"]
[Site "Olanesti"]
[Date "2016.04.05"]
[Round "4"]
[White "Ionescu, Mihai"]
[Black "Avramescu, Paul Mihai"]
[Result "1/2-1/2"]
[WhiteElo "2309"]
[BlackElo "2063"]
[PlyCount "102"]
[EventDate "2016.04.02"]
[EventType "swiss"]
[EventRounds "9"]
[EventCountry "ROU"]
[SourceTitle "CBM 171 Extra"]
[Source "ChessBase"]
[SourceDate "2016.04.26"]
[SourceVersion "1"]
[SourceVersionDate "2016.04.26"]
[SourceQuality "1"]

1. Nf3 d5 2. g3 Nf6 3. Bg2 Bg4 4. h3 Bxf3 5. Bxf3 c6 6. d3 Nbd7 7. Bg2 e6 8. 0-0 Bd6 9. Nc3 0-0 10. e4 Bc5 11. Kh2 dxe4 12. Nxe4 Nxe4 13. Bxe4 Nf6 14. Bg2 Qc7 15. Qe2 Rad8 16. Bg5 Be7 17. c3 h6 18. Bf4 Bd6 19. Bxd6 Rxd6 20. d4 Rd7 21. Rad1 Qa5 22. a3 Qh5 23. Qxh5 Nxh5 24. Rfe1 Nf6 25. Kg1 Rfd8 26. Bf3 Kf8 27. Kf1 Nd5 28. Rc1 Nb6 29. Be2 Rd5 30. Red1 a6 31. Ke1 Ke7 32. Bf3 R5d7 33. b3 a5 34. a4 Nd5 35. Ke2 Nb6 36. h4 Nd5 37. Be4 Nf6 38. Bg2 h5 39. f4 g6 40. Rb1 Nd5 41. Bxd5 cxd5 42. b4 Rc8 43. Kd3 Rc4 44. bxa5 Rxa4 45. Rb5 Kd8 46. Rdb1 Kc8 47. R1b4 Ra3 48. Rb3 Ra1 49. Rb1 Ra3 50. R1b3 Ra1 51. Rb1 Ra3 1/2-1/2

[Event "ROM-ch"]
[Site "Olanesti"]
[Date "2016.04.04"]
[Round "3"]
[White "Avramescu, Paul Mihai"]
[Black "Tomici, Stefan"]
[Result "1-0"]
[WhiteElo "2063"]
[BlackElo "2359"]
[PlyCount "92"]
[EventDate "2016.04.02"]
[EventType "swiss"]
[EventRounds "9"]
[EventCountry "ROU"]
[SourceTitle "CBM 171 Extra"]
[Source "ChessBase"]
[SourceDate "2016.04.26"]
[SourceVersion "1"]
[SourceVersionDate "2016.04.26"]
[SourceQuality "1"]

1. d4 Nf6 2. Nf3 e6 3. Bg5 Be7 4. e3 h6 5. Bh4 d5 6. c4 b6 7. cxd5 exd5 8. Be2 0-0 9. 0-0 Bb7 10. Nc3 Nbd7 11. Rc1 c5 12. Bg3 a6 13. dxc5 bxc5 14. Qb3 Qb6 15. Qxb6 Nxb6 16. Rfd1 Rfe8 17. h3 Rac8 18. Rc2 Bf8 19. Rcd2 g6 20. Ne5 Bg7 21. f4 c4 22. Bf3 Bf8 23. Bh4 Ne4 24. Bxe4 dxe4 25. Ng4 Re6 26. Rd8 Kg7 27. Bf6+ Rxf6 28. Nxf6 Kxf6 29. R8d6+ Bxd6 30. Rxd6+ Kg7 31. Rxb6 Rc7 32. Kf2 f5 33. Rd6 Kf7 34. h4 h5 35. Ne2 Bc8 36. Nd4 c3 37. bxc3 Rxc3 38. Rc6 Rxc6 39. Nxc6 Be6 40. Ne5+ Kf6 41. a3 Bf7 42. Ke2 Be8 43. Kd2 Ke6 44. Kc3 Kd5 45. Kb4 Bb5 46. Nxg6 a5+ 1-0